| 000 | 00397nam a2200145Ia 4500 | ||
|---|---|---|---|
| 008 | 230917s9999||||xx |||||||||||||| ||und|| | ||
| 040 |
_e216382 _aMAIN |
||
| 041 | _aEnglish | ||
| 082 | _a954 P282C | ||
| 100 | _aPaul, E Jaiwant | ||
| 245 | 0 | _aChivalry and romance: Vintage from Indian history and bardic legends | |
| 260 |
_aNew Delhi _bNiyogi Books _c2013 |
||
| 300 | _ax, 206 p. | ||
| 942 | _cBK | ||
| 999 |
_c177234 _d177234 |
||